000 00266nam a22001337a 4500
008 170923b xxu||||| |||| 00| 0 eng d
020 _a0941405044
041 _aeng
080 _a37
100 _a46
101 _aEDU
245 _aTHE 12 STEPS
942 _2udc
_cBK
999 _c29301
_d29301